Statistiken für Bedeutsame Generäle der Weltgeschichte

Klicken Sie hier um das Quiz zu spielen!

Allgemein

  • Dieses Quiz wurde 117 mal gespielt
  • Das Durchschnittsergebnis liegt bei 10 aus 29

Antwortstatistiken

HintAntwort% Korrekt
Revolutionärer französischer General, Konsul und KaiserNapoleon Bonaparte
93%
Römischer Eroberer Galliens und Diktator RomsGaius Julius Cäsar
75%
"Wüstenfuchs", deutscher General im 2. WeltkriegErwin Rommel
72%
Kathargischer General, dem mit Kriegselefanten die Alpen überquerteHannibal Barkas
67%
Amerikanischer General im 2. Weltkrieg und später Präsident der USADwight Eisenhower
64%
Makedonischer König,der Persien eroberteAlexander der Große
63%
Amerikanischer General der amerikanischen Revolution, 1. US-PräsidentGeorge Washington
61%
Chef der deutschen Obersten Heeresleitung im 1.Weltkrieg, später PräsidentPaul von Hindenburg
58%
Chetrusker-Fürst und Sieger der VarusschlachtArminius
48%
Generalissimus der Kaiserlich-Ligistischen Heere im 30-Jährigem-Krieg, 1634 ermordetAlbrecht Wallenstein
41%
Britischer General in den Koalitionskriegen, Sieger von WaterlooDuke of Wellington
39%
Anführer der anti-Spanischen Befreiungskriege in Südamerika, Präsident von Großkolumbien, Bolivien und PeruSimon Bolivar
39%
Schwedischer König, Sieger der Schlacht von Breitenfeld im 30-Jährigem KriegGustav Adolph
36%
Britischer Feldmarschall im 2. Weltkrieg, beteiligt am D-DayBernhard Montgomery
35%
Generalstabschef der Roten Armee im 2. WeltkriegGeorgi Schukow
34%
Ayyubidensultan, der Jerusalem von den Kreuzrittern zurückeroberteSaladin
33%
Oberbefehlhaber in den deutschen EinigungskriegenHelmuth von Moltke
22%
Fränkischer Hausmeier, siegreich in der Schlacht von ToursKarl Martell
22%
Österreichischer General im Großem Türkenkrieg und im Spanischem ErbfolgekriegEugen von Savoy
19%
Römischer General, der durch die Schlacht von Zama den 2. Punischen Krieg gewannScipio Africanus
18%
General unter Kaiser Justinian, eroberte Rom zurückBelisar
14%
Amerikanischer Oberbefehlhaber im 1. WeltkriegJohn J. Pershing
14%
Papstsohn und Herzog der Romagna, Vorbild für Machiavellis FürstenCesare Borgia
9%
Römischer General des Senats im Römischen BürgerkriegPompeius Magnus
8%
Zentralasiatischer Eroberer des Irans und Iraks (1336 - 1405)Timur der Lahme
6%
Russischer Nationalheld, besiegte die Deutschritter in der Schlacht auf dem PeipusseeAlexander Newsky
3%
Das "Schwert Allahs", siegreich gegen die ByzantinerChālid ibn al-Walīd
3%
Wichtigster General Dschingis KhansSubutai
2%
Einiger des Norden in der chinesischen Drei-Reiche-PeriodeCao Cao
1%

Verteilung der Resultate

Perzentil nach korrekt beantworteten Fragen

Anzahl Personen mit jedem Resultat

Ihre Resultats-Entwicklung

Sie haben dieses Quiz noch nicht gespielt